00370 a2200121 4500001001000000005001700010008004100027245005700068100002800125700002300153773005500176999001700231ART_5097820260410161758.0260409a 10aLey 27541 de solidaridad y reactivación productiva1 aRolando, Félix José1 aDreiling, Paola E.0 tDoctrina tributariag- N°481 (abr. 2020)wREV4296 c20291d20291